Adaptive organization design based on system integration

Projektovanie systému adaptívnej organizácie. Snaha o minimalizáciu akýchkoľvek strát. Optimalizácia organizácie. Predmet a metodológia. Intergrácia systému, spätná väzba.

Gespeichert in:
Bibliographische Detailangaben
1. Verfasser: Hron, Jan
Weitere Verfasser: Macák, Tomáš
Format: Buchkapitel
Sprache:Englisch
Schlagworte:
Tags: Tag hinzufügen
Keine Tags, Fügen Sie das erste Tag hinzu!

MARC

LEADER 00000naa a2200000 4500
001 0158331
005 20231211070013.4
041 0 |a eng 
044 |a CZ 
245 1 0 |a Adaptive organization design based on system integration  |c Jan Hron, Tomáš Macák 
520 |a Projektovanie systému adaptívnej organizácie. Snaha o minimalizáciu akýchkoľvek strát. Optimalizácia organizácie. Predmet a metodológia. Intergrácia systému, spätná väzba. 
610 2 0 |a organizácia podniku 
610 2 0 |a adaptácia 
610 2 0 |a optimalizácia 
610 2 0 |a integrácia 
610 2 0 |a väzba spätná 
100 1 |a Hron, Jan 
700 1 |a Macák, Tomáš